<?xml version="1.0" encoding="UTF-8"?>
<record
    xmlns:xsi="http://www.w3.org/2001/XMLSchema-instance"
    xsi:schemaLocation="http://www.loc.gov/MARC21/slim http://www.loc.gov/standards/marcxml/schema/MARC21slim.xsd"
    xmlns="http://www.loc.gov/MARC21/slim">

  <leader>00434    a2200121   4500</leader>
  <controlfield tag="001">ART_4723</controlfield>
  <controlfield tag="005">20260410161824.0</controlfield>
  <controlfield tag="008">260409a                                 </controlfield>
  <datafield tag="245" ind1="1" ind2="0">
    <subfield code="a">Algunas consideraciones sobre la formaci&#xF3;n de titulados en tecnolog&#xED;as emergentes</subfield>
  </datafield>
  <datafield tag="100" ind1="1" ind2=" ">
    <subfield code="a">Mart&#xED;n-Pereda, J. A.</subfield>
  </datafield>
  <datafield tag="700" ind1="1" ind2=" ">
    <subfield code="a">Gonz&#xE1;lez Marco, Ana</subfield>
  </datafield>
  <datafield tag="773" ind1="0" ind2=" ">
    <subfield code="t">Revista de trabajo</subfield>
    <subfield code="g">Formaci&#xF3;n profesional - A&#xF1;o 1, N&#xBA; 1 (mar./abr. 1994)</subfield>
    <subfield code="w">REV4713</subfield>
  </datafield>
  <datafield tag="999" ind1=" " ind2=" ">
    <subfield code="c">22606</subfield>
    <subfield code="d">22606</subfield>
  </datafield>
</record>
